العمل مع الجماعات في محيط الخدمة الاجتماعية : (Record no. 8094)

MARC details
000 -LEADER
fixed length control field 00664nam a22001817a 4500
005 - DATE AND TIME OF LATEST TRANSACTION
control field 20251112102323.0
008 - FIXED-LENGTH DATA ELEMENTS--GENERAL INFORMATION
fixed length control field 251112b |||||||| |||| 00| 0 eng d
020 ## - INTERNATIONAL STANDARD BOOK NUMBER
International Standard Book Number N/A
040 ## - CATALOGING SOURCE
Transcribing agency .
082 ## - DEWEY DECIMAL CLASSIFICATION NUMBER
Classification number 361,4 A495 1986
100 ## - MAIN ENTRY--PERSONAL NAME
Personal name أحمد ,محمد شمس الدين
245 ## - TITLE STATEMENT
Title العمل مع الجماعات في محيط الخدمة الاجتماعية :
Remainder of title /
Statement of responsibility, etc. محمد شمس الدين أحمد
250 ## - EDITION STATEMENT
Edition statement 1 ط
260 ## - PUBLICATION, DISTRIBUTION, ETC.
Name of publisher, distributor, etc. مصر , القاهرة , المؤلف , 1986
300 ## - PHYSICAL DESCRIPTION
Extent 367 ص
Dimensions 25 سم
650 ## - SUBJECT ADDED ENTRY--TOPICAL TERM
Geographic subdivision الخدمة الاجتماعية | العمل الجماعي | الإشراف | خدمة الجماعة
942 ## - ADDED ENTRY ELEMENTS (KOHA)
Source of classification or shelving scheme Dewey Decimal Classification
Koha item type Arabic Book
Suppress in OPAC No
Holdings
Withdrawn status Lost status Source of classification or shelving scheme Damaged status Not for loan Home library Current library Date acquired Total Checkouts Full call number Barcode Date last seen Copy number Price effective from Koha item type
    Dewey Decimal Classification     CENTRAL WOMEN 11/12/2025   361,4 A495 1986 1000000016188 11/12/2025 C1 11/12/2025 Arabic Book